East Asia: (Record no. 18497)

MARC details
000 -LEADER
fixed length control field 01074cam a2200277 4500
001 - CONTROL NUMBER
control field 1716364
003 - CONTROL NUMBER IDENTIFIER
control field BDDh-ASL
005 - DATE AND TIME OF LATEST TRANSACTION
control field 20231015025718.0
008 - FIXED-LENGTH DATA ELEMENTS--GENERAL INFORMATION
fixed length control field 730419s1973 e a 001 0 eng
010 ## - LIBRARY OF CONGRESS CONTROL NUMBER
LC control number 72085909
020 ## - INTERNATIONAL STANDARD BOOK NUMBER
International Standard Book Number 0395145252
040 ## - CATALOGING SOURCE
Original cataloging agency DLC
Transcribing agency DLC
Modifying agency BDDh-ASL
043 ## - GEOGRAPHIC AREA CODE
Geographic area code ae-----
050 00 - LIBRARY OF CONGRESS CALL NUMBER
Classification number DS511
Item number .F28
082 00 - DEWEY DECIMAL CLASSIFICATION NUMBER
Classification number 950
Item number FAE
100 1# - MAIN ENTRY--PERSONAL NAME
Personal name Fairbank, John King,
Dates associated with a name 1907-1991.
245 10 - TITLE STATEMENT
Title East Asia:
Remainder of title tradition and transformation /
Statement of responsibility, etc. [by] John K. Fairbank, Edwin O. Reischauer [and] Albert M. Craig.
260 ## - PUBLICATION, DISTRIBUTION, ETC.
Place of publication, distribution, etc. London:
Name of publisher, distributor, etc. George Allen & Unwin,
Date of publication, distribution, etc. [1973]
300 ## - PHYSICAL DESCRIPTION
Extent xvi, 969 p. :
Other physical details illus.
Dimensions 25 cm.
500 ## - GENERAL NOTE
General note "In this book we have reworked, updated, and condensed the contents of our two earlier volumes: East Asia: The great tradition (1960) and East Asia: the modern transformation (1965)"
651 #0 - SUBJECT ADDED ENTRY--GEOGRAPHIC NAME
Geographic name East Asia
General subdivision History.
700 1# - ADDED ENTRY--PERSONAL NAME
Personal name Reischauer, Edwin O.
Fuller form of name (Edwin Oldfather),
Dates associated with a name 1910-1990,
Relator term joint author.
700 1# - ADDED ENTRY--PERSONAL NAME
Personal name Craig, Albert M.,
Relator term joint author.
906 ## - LOCAL DATA ELEMENT F, LDF (RLIN)
a 7
b cbc
c orignew
d 2
e opcn
f 19
g y-gencatlg
942 ## - ADDED ENTRY ELEMENTS (KOHA)
Source of classification or shelving scheme Dewey Decimal Classification
Koha item type Books
Holdings
Withdrawn status Lost status Source of classification or shelving scheme Damaged status Not for loan Collection code Home library Current library Shelving location Date acquired Source of acquisition Total Checkouts Full call number Barcode Date last seen Copy number Price effective from Koha item type Public note
    Dewey Decimal Classification   Not For Loan Non-fiction Asiatic Society Library Asiatic Society Library Harrison Collection 10/12/2020 Donated by Prof. John B. Harrison   950 FAE 101689 10/12/2020 C-1 10/12/2020 Books RARE

Powered by Koha